Expanding access to science and technology : (Record no. 9584)
[ view plain ]
| 000 -LEADER | |
|---|---|
| fixed length control field | 01889cam a2200421 a 4500 |
| 001 - CONTROL NUMBER | |
| control field | 3040290 |
| 003 - CONTROL NUMBER IDENTIFIER | |
| control field | OSt |
| 005 - DATE AND TIME OF LATEST TRANSACTION | |
| control field | 20251028112613.0 |
| 008 - FIXED-LENGTH DATA ELEMENTS--GENERAL INFORMATION | |
| fixed length control field | 940801s1994 ja a b 100 0 eng d |
| 010 ## - LIBRARY OF CONGRESS CONTROL NUMBER | |
| LC control number | 95141057 |
| 020 ## - INTERNATIONAL STANDARD BOOK NUMBER | |
| International Standard Book Number | 9280808443 |
| 020 ## - INTERNATIONAL STANDARD BOOK NUMBER | |
| International Standard Book Number | 9789280808445 |
| 035 ## - SYSTEM CONTROL NUMBER | |
| System control number | 3040290 |
| 035 ## - SYSTEM CONTROL NUMBER | |
| System control number | (OCoLC)30858153 |
| 040 ## - CATALOGING SOURCE | |
| Original cataloging agency | MWalB |
| Transcribing agency | must |
| Modifying agency | NcU-H |
| -- | WaPS |
| -- | DLC |
| 042 ## - AUTHENTICATION CODE | |
| Authentication code | lccopycat |
| 050 04 - LIBRARY OF CONGRESS CALL NUMBER | |
| Classification number | 621.3 EXP 1994 |
| Item number | .I58 1992 |
| 111 2# - MAIN ENTRY--MEETING NAME | |
| Meeting name or jurisdiction name as entry element | International Symposium on the Frontiers of Science and Technology |
| Number of part/section/meeting | (2nd : |
| Date of meeting | 1992 : |
| Location of meeting | Kyoto, Japan) |
| 9 (RLIN) | 19495 |
| 245 10 - TITLE STATEMENT | |
| Title | Expanding access to science and technology : |
| Remainder of title | the role of information technologies : proceedings of the second International Symposium on the Frontiers of Science and Technology held in Kyoto, Japan, 12-14 May 1992 / |
| Statement of responsibility, etc. | edited by Ines Wesley-Tanaskovic, Jacques Tocatlian, and Kenneth H. Roberts. |
| 260 ## - PUBLICATION, DISTRIBUTION, ETC. (IMPRINT) | |
| Place of publication, distribution, etc. | Tokyo : |
| Name of publisher, distributor, etc. | United Nations University, |
| Date of publication, distribution, etc. | c1994. |
| 300 ## - PHYSICAL DESCRIPTION | |
| Extent | xiv, 462 p. : |
| Other physical details | ill. ; |
| Dimensions | 25 cm. |
| 336 ## - CONTENT TYPE | |
| Content type term | text |
| Content type code | txt |
| Source | rdacontent |
| 337 ## - MEDIA TYPE | |
| Media type term | unmediated |
| Media type code | n |
| Source | rdamedia |
| 338 ## - CARRIER TYPE | |
| Carrier type term | volume |
| Carrier type code | nc |
| Source | rdacarrier |
| 500 ## - GENERAL NOTE | |
| General note | "United Nations Sales No. E.94.III.A.1"--T.p. verso. |
| 504 ## - BIBLIOGRAPHY, ETC. NOTE | |
| Bibliography, etc | Includes bibliographical references. |
| 650 #0 - SUBJECT ADDED ENTRY--TOPICAL TERM | |
| Topical term or geographic name as entry element | Science |
| General subdivision | Information services |
| -- | Congresses. |
| 9 (RLIN) | 19496 |
| 650 #0 - SUBJECT ADDED ENTRY--TOPICAL TERM | |
| Topical term or geographic name as entry element | Technology |
| General subdivision | Information services |
| -- | Congresses. |
| 9 (RLIN) | 19497 |
| 650 #0 - SUBJECT ADDED ENTRY--TOPICAL TERM | |
| Topical term or geographic name as entry element | Information storage and retrieval systems |
| General subdivision | Science |
| -- | Congresses. |
| 9 (RLIN) | 19498 |
| 650 #0 - SUBJECT ADDED ENTRY--TOPICAL TERM | |
| Topical term or geographic name as entry element | Information storage and retrieval systems |
| General subdivision | Technology |
| -- | Congresses. |
| 9 (RLIN) | 19499 |
| 700 1# - ADDED ENTRY--PERSONAL NAME | |
| Personal name | Wesley-Tanaskovic, Ines. |
| 9 (RLIN) | 19500 |
| 700 1# - ADDED ENTRY--PERSONAL NAME | |
| Personal name | Tocatlian, Jacques. |
| 9 (RLIN) | 19501 |
| 700 1# - ADDED ENTRY--PERSONAL NAME | |
| Personal name | Roberts, Kenneth H. |
| 9 (RLIN) | 19502 |
| 906 ## - LOCAL DATA ELEMENT F, LDF (RLIN) | |
| a | 7 |
| b | cbc |
| c | copycat |
| d | 2 |
| e | ncip |
| f | 19 |
| g | y-gencatlg |
| 942 ## - ADDED ENTRY ELEMENTS (KOHA) | |
| Source of classification or shelving scheme | Other/Generic Classification Scheme |
| Koha item type | Book Bank |
| Withdrawn status | Lost status | Source of classification or shelving scheme | Damaged status | Not for loan | Home library | Current library | Date acquired | Source of acquisition | Inventory number | Total Checkouts | Barcode | Date last seen | Price effective from | Koha item type | Full call number |
|---|---|---|---|---|---|---|---|---|---|---|---|---|---|---|---|
| Other/Generic Classification Scheme | MUST Main Library | MUST Main Library | 28/10/2025 | donation | 2001/15021 | 2025-0168 | 28/10/2025 | 28/10/2025 | Book Bank | ||||||
| Other/Generic Classification Scheme | MUST Main Library | MUST Main Library | 28/10/2025 | donation | 2001/15018 | 2025-0169 | 28/10/2025 | 28/10/2025 | Book Bank | 621.3 EXP 1994 | |||||
| Other/Generic Classification Scheme | MUST Main Library | MUST Main Library | 28/10/2025 | donation | 2001/15016 | 2025-0170 | 28/10/2025 | 28/10/2025 | Book Bank | 621.3 EXP 1994 |
